00698nam a2200193 4500999001900000005001700019010001500036020002700051035001400078037001300092082001100105100001900116245007400135260002900209270008500238300002000323942002500343952013600368 c169031d16903120191104145345.0 aENG-126806 a9788193407103c1495.00 aEN-110338 bDBAD/PUB a808.88 aJagat S.Bright aImportant speeches and writings of Subhas Bose /cby Jagat S. Bright aDelhibAlina Booksc2018 a1262 B-Block, Jahangir Puri, Delhie110033k9891951329malinabooks.del@gmail.com a527p.c22cm(Hb) 2ddccENh808.88mJAG 001040708NFICaLbLd2019-11-04eDBAD/PUBg1495.00l1m2o808.88 JAGpEN-110338r2022-02-12 00:00:00s2022-01-14t1v1495.00yEN